| 000 | 00678nam a22001937a 4500 | ||
|---|---|---|---|
| 003 | BUBTL | ||
| 008 | 190824b xxu||||| |||| 00| 0 eng d | ||
| 020 | _a81-7066-134-X | ||
| 082 | _a891.443/ M8968m/ 2014 | ||
| 100 |
_92163 _aমুখোপাধ্যায় , শীর্ষেন্দু |
||
| 245 |
_aমানব জমিন / _cশীর্ষেন্দু মুখোপাধ্যায় |
||
| 250 | _a1st ed. | ||
| 260 |
_aকলকাতা : _bআনন্দ, _cc2014 |
||
| 300 |
_a565 p. : _c21 cm. |
||
| 650 | 0 |
_91689 _aবাংলা সাহিত্য |
|
| 856 |
_k0 _l0 _yDownload |
||
| 942 |
_2ddc _cBK |
||
| 999 |
_c6098 _d6098 |
||